Normal view
MARC view
- الحديث - علوم - شرح الحديث - مصطلح
Entry Topical Term
001 - CONTROL NUMBER
- control field: 45506
003 - CONTROL NUMBER IDENTIFIER
- control field: JO-AjAnu
005 - DATE AND TIME OF LATEST TRANSACTION
- control field: 20230606081527.0
008 - FIXED-LENGTH DATA ELEMENTS
- fixed length control field: 230606|| aca||aabn | a|a d
040 ## - CATALOGING SOURCE
- Original cataloging agency: JO-AjAnu
- Transcribing agency: JO-AjAnu
150 ## - HEADING--TOPICAL TERM
- Topical term or geographic name entry element: الحديث - علوم - شرح الحديث - مصطلح
670 ## - SOURCE DATA FOUND
- Source citation: Work cat.: (JO-AjAnu)23299: العسقلاني، أحمد بن علي بن حجر؛ مراجعة وتقديم محمد عوض؛ تعليق محمد الصباغ, author 45505, شرح نخبة الفكر في مصطلح أهل الأثر